Studie o technice v českých zemích 1800-1918 3
Salvato in:
| Altri autori: | |
|---|---|
| Natura: | Libro |
| Lingua: | ceco |
| Pubblicazione: |
Praha
Národní technické muzeum
1985
|
| Edizione: | 1. vyd. |
| Tags: |
Nessun Tag, puoi essere il primo ad aggiungerne!!
|
MARC
| LEADER | 00000nam a2200000 4500 | ||
|---|---|---|---|
| 001 | c104721 | ||
| 005 | 20221220080424.2 | ||
| 041 | 0 | |a cze | |
| 044 | |a CZ | ||
| 245 | 1 | 0 | |a Studie o technice v českých zemích 1800-1918 3 |c Uspořádal František Jílek |
| 250 | |a 1. vyd. | ||
| 264 | 1 | |a Praha |b Národní technické muzeum |c 1985 | |
| 300 | |a 405 s. | ||
| 700 | 1 | |a Jílek, František | |